Egypt I (3000-1550 B.C.) : catalogue /

محفوظ في:

المؤلف الرئيسي: Ny Carlsberg glyptotek

التنسيق: كتاب

اللغة: Undetermined

منشور في: Copenhagen : Ny Carlsberg glyptotek, 1996.

الموضوعات:

الوسوم: إضافة وسم

لا توجد وسوم, كن أول من يضع وسما على هذه التسجيلة!

رقم الطلب: N5350 .N922

LEADER 00696nam a2200181Ia 4500
008 220401s9999||||xx |||||||||||||| ||und||
020 |a 8774522027 
050 4 |a N5350 .N922 
100 1 |a Ny Carlsberg glyptotek 
245 1 0 |a Egypt I (3000-1550 B.C.) :  |b catalogue /  |c Ny Carlsberg glyptotek. 
264 1 |a Copenhagen :  |b Ny Carlsberg glyptotek,  |c 1996. 
300 |a 214p. :  |b ill. (chiefly col.) ;  |c 22cm. 
500 |a includes bibliographical references. 
650 1 4 |a Art, Egyptian Catalogs. 
650 1 4 |a Egypt Antiquities Catalogs. 
942 |2 lcc  |c BK 
952 |0 0  |1 0  |2 lcc  |4 0  |6 N5350 N922  |7 1  |9 39214  |a ARCE  |b ARCE  |d 2022-04-01  |l 0  |o N5350 .N922  |p 1008117  |r 2022-04-01 00:00:00  |w 2022-04-01  |y BK 
999 |c 46795  |d 46795